000 01358cam a2200325 a 4500
001 4522583
003 OSt
005 20211006153950.0
008 990528s2000 at b 001 0 eng
010 _a 99034363
020 _a0534560881
035 _a(DLC) 99034363
040 _aDLC
_cHU
_dDLC
050 0 0 _aP90
_b.B285 1999
082 0 0 _a302.23/01
_221
100 1 _aBaran, Stanley J.
_910916
245 1 0 _aMass communication theory :
_bfoundations, ferment, and future /
_cStanley J. Baran, Dennis K. Davis.
250 _a2nd ed.
260 _aAustralia ;
_aBelmont, CA. :
_bWadsworth,
_cc2000.
300 _axvi, 400 p. ;
_c24 cm.
504 _aIncludes bibliographical references (p. [367]-395) and index.
650 0 _aMass media
_xPhilosophy.
_910917
700 1 _aDavis, Dennis K.
_910918
856 4 2 _3Contributor biographical information
_uhttp://www.loc.gov/catdir/enhancements/fy1515/99034363-b.html
856 4 2 _3Publisher description
_uhttp://www.loc.gov/catdir/enhancements/fy1515/99034363-d.html
856 4 1 _3Table of contents only
_uhttp://www.loc.gov/catdir/enhancements/fy1515/99034363-t.html
906 _a7
_bcbc
_corignew
_d1
_eocip
_f19
_gy-gencatlg
942 _2ddc
_cBOOKS
_n0
999 _c10101
_d10101